000 00532nam a2200181 4500
001 126074
003 ES-MaACL
005 20230906192742.0
007 t|
008 070214s1920 fr r ||||1| fre d
100 1 _aReinach, Joseph.
_996038
245 1 2 _aL'année de la paix /
_cJoseph Reinach.
260 _aMâcon [Francia] :
_bProtat Freres,
_c1920.
300 _a256 p. ;
_c19 x 12 cm.
630 0 4 _aTratado de Versalles (
_d1919)
_9155228
650 4 _aGuerra mundial, 1914-1918-
_xPaz.
_913225
852 _aES-MaACL
_jF-7717
999 _c126074
_d126074